| 000 | 00419nam a22001457a 4500 | ||
|---|---|---|---|
| 005 | 20180208110012.0 | ||
| 008 | 180208b xxu||||| |||| 00| 0 eng d | ||
| 040 | _cPK-LaUMT | ||
| 082 |
_aPKAC 297.74 _bIDR-A |
||
| 100 | _aIdrees , Muhammad | ||
| 245 |
_aAzimat kay rahi(عزیمت کے راہی) _cMuhammad Idrees |
||
| 260 |
_aلاہور: _bادارہ معارف اسلامی، _c2008 |
||
| 300 | _a256 | ||
| 942 | _cBK | ||
| 999 |
_c102838 _d102838 |
||